| 000 | 00396nam a22001577a 4500 | ||
|---|---|---|---|
| 003 | NUST - PNEC | ||
| 005 | 20170116181153.0 | ||
| 008 | 160105b xxu||||| |||| 00| 0 eng d | ||
| 020 | _a- | ||
| 040 | _cLIBRARY | ||
| 082 | _a954.022 ALB | ||
| 100 |
_915667 _a Alberuni, Abu Rehan |
||
| 245 |
_aTareekh e Hindustan _cAbu Rehan Al Beruni |
||
| 650 |
_915669 _aHistory _xGeneral |
||
| 942 |
_2ddc _cBK |
||
| 999 |
_c71075 _d71075 |
||